Four Letter Words with Three Vowels - Statistics

General Stats
  • This quiz has been taken 120 times
  • The average score is 22 of 51
Answer Stats
Hint Answer % Correct
Largest continent Asia
88%
U.S. state Ohio
87%
Plant good for the skin Aloe
82%
Great lake Erie
81%
Furniture retailer Ikea
77%
U.S. state Iowa
76%
Italian greeting Ciao
73%
Thought Idea
73%
Sandwich cookie Oreo
73%
German motor vehicle Audi
70%
Woodwind instrument Oboe
70%
Car Auto
69%
Operatic solo Aria
67%
Hawaiian island Oahu
65%
Assistant Aide
61%
Sword used in fencing Epee
58%
Emanation surrounding the body Aura
56%
Jacob's brother Esau
55%
Hawaiian party Luau
49%
Boyfriend Beau
47%
Extremely small amount Iota
47%
"Super" berry Acai
46%
Out on the ocean Asea
46%
Roof overhang Eave
44%
Verdi opera Aida
43%
Urine component Urea
43%
Earth goddess Gaia
42%
Seep Ooze
41%
Samoan capital Apia
38%
Two-dimensional measure Area
38%
Hawaiian island Maui
38%
Sheltered from wind Alee
31%
Margarine Oleo
29%
Someone from Muskogee Okie
27%
Shakespeare's Moor Iago
25%
Scottish island / NY college Iona
23%
Curved arch Ogee
23%
Instead Lieu
19%
Indigenous people of Japan Ainu
18%
Needle case Etui
17%
Swiss river Aare
15%
H.G. Wells' futuristic race Eloi
14%
Alofi is its capital Niue
12%
Herman Melville novel Omoo
12%
California city near Ventura Ojai
9%
Miscellany Olio
9%
Pigmented layer of the eye Uvea
9%
Belgian / French river Oise
8%
Language of India Odia
6%
Debauched man Roue
6%
Dwarf buffalo of Indonesia Anoa
2%
No matching quizzes found
Score Distribution
Percent of People with Each Score
Percentile by Number Answered
Your Score History
You have not taken this quiz